Revista de Medicina Interna (Registro nro. 1285)
[ vista simple ]
| 000 -LEADER | |
|---|---|
| fixed length control field | 00571nas a22001817a 4500 |
| 008 - CAMPO DE CONTROL RECURSOS CONTINUADOS | |
| fixed length control field | 130319t20079999ag ||||| |||| 00| 0 spa d |
| 022 ## - INTERNATIONAL STANDARD SERIAL NUMBER | |
| International Standard Serial Number | 1669-5089 |
| 245 ## - TITULO | |
| Titulo | Revista de Medicina Interna |
| 260 ## - PUBLICACION, DISTRIBUCION, ETC. (PIE DE IMPRENTA) | |
| Lugar de publicación, distribución, etc | Buenos Aires, |
| Nombre de la editorial, distribuidor, etc. | Sociedad de Medicina Interna de Buenos Aires: |
| Fecha de publicación | 2007 |
| 300 ## - DESCRIPCION FISICA | |
| Extensión | v. . |
| 310 ## - FRECUENCIA ACTUAL DE LA PUBLICACION | |
| Frecuencia actual de la publicación | trimestral |
| 546 ## - NOTA DE IDIOMA | |
| Nota de lenguaje | español |
| 590 ## - NOTAS LOCALES (RLIN) | |
| Nota local | Indizada en: Latindex, SIIC Data Bases |
| 590 ## - NOTAS LOCALES (RLIN) | |
| Nota local | Existencias: 2007 3(3); 2008 4(1,2); 2011 7(2) |
| 650 ## - MATERIA-TERMINO TEMATICO | |
| Término temático | MEDICINA INTERNA |
| 9 (RLIN) | 1738 |
| 856 ## - LOCALIZACION ELECTRONICA Y ACCESO | |
| Identificador Uniforme de Recurso (URI) | <a href="http://www.smiba.org.ar/revista/index.htm">http://www.smiba.org.ar/revista/index.htm</a> |
| 942 ## - ADDED ENTRY ELEMENTS (KOHA) | |
| Source of classification or shelving scheme | Dewey Decimal Classification |
| Item type | Continuing Resources |
No hay ítems disponibles.